| 000 | 00521nam a22001937a 4500 | ||
|---|---|---|---|
| 003 | OSt | ||
| 005 | 20180116183057.0 | ||
| 008 | 161024b xxu||||| |||| 00| 0 eng d | ||
| 020 | _a067974105-4 | ||
| 040 | _c0 | ||
| 082 | _a650.13 MAR 1992 | ||
| 100 | _aGeoff Martz | ||
| 245 |
_aPrinceton Review Carcking The GMAT _bCRACHING THE GMAT _cGeoff Martz |
||
| 250 | _b1993 Ed. | ||
| 260 |
_aNew York _bVillard Books _c1992 |
||
| 300 |
_a294 P. _bPB |
||
| 440 | _aPrinceton Review Carcking The GMAT | ||
| 942 |
_2ddc _cBK |
||
| 999 |
_c351865 _d351865 |
||